| 000 | 00743nam a2200253 i 4500 | ||
|---|---|---|---|
| 001 | 61294 | ||
| 003 | ES-MaACL | ||
| 005 | 20230906164425.0 | ||
| 007 | t| | ||
| 008 | 031111s1921 mx ||||1| spa d | ||
| 100 | 1 |
_aEurípides. _948332 |
|
| 245 | 1 | 0 |
_aTragedias / _cEurípides. |
| 260 |
_aMéxico : _b[s.n., _c1921] ( _fTalleres Gráficos de la Nación) |
||
| 300 | _a433 p., 19 lám. | ||
| 505 | 8 | _aContiene: Medea. Hipólito. Las Troyanas. Las Bacantes. Ifigenia en Aulide. Ifigenia en Tauride. Hécuba | |
| 740 | 0 | _aMedea. | |
| 740 | 0 | _aHipólito. | |
| 740 | 4 | _aLas Troyanas. | |
| 740 | 4 | _aLos Bacantes. | |
| 740 | 0 | _aIfigenia en Aulide. | |
| 740 | 0 | _aIfigenia en Tauride. | |
| 740 | 0 | _aHécuba. | |
| 852 |
_aES-MaACL _jG-7716 |
||
| 999 |
_c61294 _d61294 |
||